| 000 | 00889nam a2200217 i 4500 | ||
|---|---|---|---|
| 001 | 145223 | ||
| 003 | ES-MaACL | ||
| 005 | 20250728084433.0 | ||
| 007 | t| | ||
| 008 | 070214s1985 sp af |||| | spa d | ||
| 100 | 1 |
_aSoraluce Blond, José Ramón. _9107323 |
|
| 245 | 1 | 0 |
_aCastillos y fortificaciones de Galicia _b: la arquitectura militar de los siglos XVI-XVIII / _cJosé Ramón Soraluce Blond. |
| 260 |
_aLa Coruña : _bFundación Pedro Barrié de la Maza, Conde de Fenosa, _c1985. |
||
| 300 |
_a194 p., [5] h. de lám. : _bil. ; _c34 cm. |
||
| 490 | 1 | _aCatalogación arqueológica y artística de Galicia | |
| 650 | 4 |
_aFortificaciones- _zGalicia- _vHistoria. _9166338 |
|
| 710 | 2 |
_aFundación Pedro Barrié de la Maza, Conde de Fenosa _9176439 |
|
| 830 | 0 |
_aCatalogación arqueológica y artística de Galicia _9193029 |
|
| 852 |
_aES-MaACL _jL-9065 |
||
| 999 |
_c145223 _d145223 |
||